000 01586nam a2200277Ia 4500
999 _c52874
_d52874
001 19904
003 GE_BSU
005 20200507224233.0
008 181216s2016||||ge |||||||||||||| ||geo||
020 _a9789941084300
040 _cGE_BSU
041 _ageo
080 _a28-185.3 ს-23
245 _a76 დიდი ცოდვა /
_cმთარგმნელი გიორგი კამლაძე ; მთავარი რედაქტორი ზურაბ მიქელაძე ; თეოლოგიური რედაქტორი უშანგი ბოლქვაძე.
264 _aბათუმი :
_bერქამი,
_c2016
300 _a192 გვ. ;
_c20 სმ.
520 _aწიგნი გამოცემულია საქართველოს ახალგაზრდებზე დახმარების ასოციაციის მიერ, სრულიად საქართველოს მუსლიმთა სამმართველოს ინიციატივით
541 _h3ლ.
653 _a76 დიდი ცოდვა
653 _aისლამი
653 _aრელიგია
700 _a კამლაძე, გიორგი
_eმთარგმნელი
_98012
700 _a მიქელაძე, ზურაბ
_eმთავარი რედაქტორი
_98013
700 _a ბოლქვაძე, უშანგი
_eთეოლოგიური რედაქტორი
_98014
942 _cBK
_2udc